| 000 | 00352nam a22001577a 4500 | ||
|---|---|---|---|
| 003 | SGT | ||
| 020 | _a978-81-8473-430-0 | ||
| 082 | _a617.7, S11A | ||
| 100 | _aALLINGAHAM, R. R. | ||
| 245 | _aSHIELD TB. OF GLAUCOMA | ||
| 250 | _a6TH | ||
| 260 |
_a PHILADELPHIA _bWOLTER KLUWER _c2011 |
||
| 300 | _a610 | ||
| 650 | _aOPHTHALMOLOGY | ||
| 942 |
_2ddc _cBK |
||
| 999 |
_c8958 _d8958 |
||